Countries Bordering 'C' Countries - Statistics

General Stats
  • This quiz has been taken 1,298 times
    1,273 since last reset
  • The average score is 39 of 50
Answer Stats
Country % Correct
Vietnam
93%
Laos
92%
Russia
92%
Peru
89%
D.R. Congo
88%
Niger
88%
Argentina
87%
Panama
87%
United States
87%
India
86%
Mongolia
85%
Venezuela
85%
Bosnia & Herzegovina
84%
Brazil
84%
Nepal
84%
Nigeria
84%
Slovenia
84%
North Korea
83%
Thailand
83%
Ecuador
82%
R. Congo
82%
Slovakia
82%
Sudan
82%
Bhutan
81%
Bolivia
81%
Germany
81%
Austria
80%
Burma
80%
Central African Republic
79%
Serbia
79%
South Sudan
79%
Afghanistan
78%
Hungary
78%
Kazakhstan
78%
Kyrgyzstan
78%
Nicaragua
78%
Libya
77%
Poland
77%
Tajikistan
77%
Gabon
75%
Pakistan
75%
Chad
69%
Equatorial Guinea
68%
Cameroon
66%
Mali
63%
Montenegro
62%
Ghana
59%
Burkina Faso
57%
Liberia
53%
Guinea
51%
No matching quizzes found
Score Distribution
Percent of People with Each Score
Percentile by Number Answered
Your Score History
You have not taken this quiz since the last reset